Những văn bản quy phạm pháp luật về phòng cháy và chữa cháy

Nội dung của luật phòng cháy chữa cháy và các nghị định, thông tư, chỉ thị về thi hành luật và công tác phòng cháy chữa cháy. Một số tiêu chuẩn Việt Nam, tiêu chuẩn ngành, tiêu chuẩn xây dựng về phòng cháy chữa cháy

সংরক্ষণ করুন:
গ্রন্থ-পঞ্জীর বিবরন
সংস্থা লেখক: Phòng Tuyên truyền và xây dựng phong trào quần chúng phòng cháy và chữa cháy
বিন্যাস: গ্রন্থ
ভাষা:Vietnamese
প্রকাশিত: H. Công an nhân dân 2003
সংস্করন:In lần thứ 2, có sửa đổi, bổ sung
বিষয়গুলি:
ট্যাগগুলো: ট্যাগ যুক্ত করুন
কোনো ট্যাগ নেই, প্রথমজন হিসাবে ট্যাগ করুন!
Thư viện lưu trữ: Mạng thư viện Đại học Đà Nẵng
LEADER 01847aam a22003978a 4500
001 000008753
003 4945
005 20111020091045.0
008 111020s2003 viesd
020 |c 250000đ  |d 1000b 
041 |a vie 
082 1 4 |2 14  |a 344.59705  |b Văn 
084 |a S611.163  |b NH556V 
245 |a Những văn bản quy phạm pháp luật về phòng cháy và chữa cháy  |c B.s.: Phòng Tuyên truyền và Xây dựng phong trào quần chúng phòng cháy và chữa cháy 
250 |a In lần thứ 2, có sửa đổi, bổ sung 
260 |a H.  |b Công an nhân dân  |c 2003 
300 |a 1174 tr.  |c 27cm. 
500 |a ĐTTS ghi: Cục Cảng sát Phòng cháy và Chữa cháy 
520 |a Nội dung của luật phòng cháy chữa cháy và các nghị định, thông tư, chỉ thị về thi hành luật và công tác phòng cháy chữa cháy. Một số tiêu chuẩn Việt Nam, tiêu chuẩn ngành, tiêu chuẩn xây dựng về phòng cháy chữa cháy 
650 7 |2 Bộ TK TVQG  |a Phòng cháy 
650 7 |2 Bộ TK TVQG  |a Pháp luật 
650 7 |2 Bộ TK TVQG  |a Chữa cháy 
651 7 |2 Bộ TK TVQG  |a Việt Nam 
655 7 |2 Bộ TK TVQG  |a Văn bản pháp luật 
710 2 7 |a Phòng Tuyên truyền và xây dựng phong trào quần chúng phòng cháy và chữa cháy 
910 |a Huỳnh Thị Cẩm Lai  |d 20/10/2011 
OWN |a LSP 
AVA |a UDN50  |b LSP  |d 344.59705 Văn  |e available  |t Error 5001 Not defined in file expand_doc_bib_avail.  |f 1  |g 0  |h N  |i 0  |k 1 
999 |a From the UDN01 
AVA |a UDN50  |b LSP  |d 344.59705 Văn  |e available  |t Error 5001 Not defined in file expand_doc_bib_avail.  |f 1  |g 0  |h N  |i 0  |k 1 
TYP |a Monograph 
TYP |a Printed language 
980 |a Mạng thư viện Đại học Đà Nẵng